[Event "RE-2022-0-00229"]
[Site "LSS email"]
[Date "2022.04.28"]
[Round "?"]
[White "Endean, Andrew"]
[Black "Turin, Jan"]
[Result "0-1"]
[WhiteElo "1162"]
[BlackElo "1373"]
[PlyCount "66"]
[EventDate "2020.11.28"]
[EventType "tourn (corr)"]
[EventRounds "6"]
[EventCountry "GER"]
[SourceTitle "Corr 2024"]
[Source "ChessBase"]
[SourceDate "2023.10.19"]
[SourceVersion "1"]
[SourceVersionDate "2023.10.19"]
[SourceQuality "1"]

1. d4 Nf6 2. c4 g6 3. Nc3 d5 4. cxd5 Nxd5 5. e4 Nxc3 6. bxc3 c5 7. Bc4 Bg7 8. Ne2 0-0 9. 0-0 Nc6 10. Be3 Qc7 11. Rc1 Rd8 12. Bf4 Qd7 13. d5 Na5 14. Bd3 b5 15. Be3 e6 16. Bxc5 exd5 17. e5 Bxe5 18. Bd4 Nc4 19. Bxc4 Bxd4 20. Qxd4 dxc4 21. Qxd7 Bxd7 22. Nd4 Rab8 23. a3 a5 24. h3 Be8 25. Rcd1 b4 26. axb4 axb4 27. cxb4 Rxb4 28. Nf3 Rc8 29. Rc1 c3 30. Ne5 Rd4 31. Nf3 Rd6 32. Rfe1 Ba4 33. Ng5 c2 0-1

[Event "RE-2022-0-00229"]
[Site "LSS email"]
[Date "2022.03.30"]
[Round "?"]
[White "Turin, Jan"]
[Black "Pehl, Ferenc"]
[Result "1-0"]
[WhiteElo "1373"]
[BlackElo "1222"]
[PlyCount "47"]
[EventDate "2020.11.28"]
[EventType "tourn (corr)"]
[EventRounds "6"]
[EventCountry "GER"]
[SourceTitle "Corr 2024"]
[Source "ChessBase"]
[SourceDate "2023.10.19"]
[SourceVersion "1"]
[SourceVersionDate "2023.10.19"]
[SourceQuality "1"]

1. e4 e5 2. Nf3 d6 3. d4 exd4 4. Qxd4 Qf6 5. Qe3 h6 6. Nc3 c6 7. Bd2 Ne7 8. 0-0-0 Ng6 9. Bc4 Ne5 10. Nxe5 dxe5 11. Rhf1 Be7 12. f4 Be6 13. Qe2 0-0 14. Bd3 Bd6 15. f5 Bd7 16. Qh5 Be7 17. g3 Be8 18. h4 Nd7 19. Rh1 Qd6 20. Bc4 Nf6 21. Qe2 Qc7 22. g4 Nh7 23. g5 hxg5 24. hxg5 1-0

[Event "RE-2022-0-00229"]
[Site "LSS email"]
[Date "2022.02.21"]
[Round "?"]
[White "Koehler, Hans Christian"]
[Black "Turin, Jan"]
[Result "0-1"]
[WhiteElo "1394"]
[BlackElo "1373"]
[PlyCount "90"]
[EventDate "2020.11.28"]
[EventType "tourn (corr)"]
[EventRounds "6"]
[EventCountry "GER"]
[SourceTitle "Corr 2024"]
[Source "ChessBase"]
[SourceDate "2023.10.19"]
[SourceVersion "1"]
[SourceVersionDate "2023.10.19"]
[SourceQuality "1"]

1. e4 e5 2. Nf3 Nc6 3. Bb5 f5 4. Nc3 fxe4 5. Nxe4 Nf6 6. Qe2 d5 7. Nxf6+ gxf6 8. d4 Bg7 9. dxe5 0-0 10. Bxc6 bxc6 11. e6 Re8 12. 0-0 Bxe6 13. Nd4 Bd7 14. Qf3 Re4 15. c3 Qe7 16. Be3 c5 17. Nf5 Bxf5 18. Qxf5 Qd6 19. Rfe1 Rae8 20. Bd2 Rxe1+ 21. Rxe1 Rxe1+ 22. Bxe1 Qe5 23. Qxe5 fxe5 24. f3 Kf7 25. Kf2 c4 26. Bd2 c5 27. Be3 d4 28. Bd2 Ke6 29. Ke2 d3+ 30. Kd1 Bf6 31. Be3 Kd5 32. Kd2 a6 33. b3 a5 34. f4 e4 35. g4 Bh4 36. g5 cxb3 37. axb3 c4 38. bxc4+ Ke6 39. Kc1 Be1 40. c5 Bxc3 41. h4 a4 42. c6 a3 43. Kb1 d2 44. f5+ Kd6 45. f6 d1Q+ 0-1

[Event "RE-2021-0-00228"]
[Site "LSS email"]
[Date "2021.10.03"]
[Round "?"]
[White "Turin, Jan"]
[Black "Obrien, Glenn"]
[Result "0-1"]
[WhiteElo "1381"]
[BlackElo "1285"]
[PlyCount "44"]
[EventDate "2020.11.05"]
[EventType "tourn (corr)"]
[EventRounds "6"]
[EventCountry "GER"]
[SourceTitle "Corr 2024"]
[Source "ChessBase"]
[SourceDate "2023.10.19"]
[SourceVersion "1"]
[SourceVersionDate "2023.10.19"]
[SourceQuality "1"]

1. e4 e5 2. Nc3 Nf6 3. Bc4 Nc6 4. d3 Bc5 5. f4 d6 6. a3 Ng4 7. f5 Nf2 8. Qh5 g6 9. Qh6 Nxh1 10. Bg5 Ne7 11. Bf6 Nxf5 12. Qg5 h6 13. Bxd8 hxg5 14. Bf6 Rxh2 15. exf5 Bxg1 16. fxg6 fxg6 17. 0-0-0 Be3+ 18. Kb1 Nf2 19. Rf1 Rxg2 20. Nd5 Bb6 21. Kc1 c6 22. Nxb6 axb6 0-1

[Event "SE-2021-0-00330"]
[Site "LSS email"]
[Date "2021.09.02"]
[Round "?"]
[White "Turin, Jan"]
[Black "Eraclides, George"]
[Result "0-1"]
[WhiteElo "1360"]
[BlackElo "1351"]
[PlyCount "72"]
[EventDate "2021.03.09"]
[EventType "tourn (corr)"]
[EventRounds "6"]
[EventCountry "GER"]
[SourceTitle "Corr 2024"]
[Source "ChessBase"]
[SourceDate "2023.10.19"]
[SourceVersion "1"]
[SourceVersionDate "2023.10.19"]
[SourceQuality "1"]

1. e4 e6 2. Nf3 d5 3. Nc3 Nf6 4. e5 Nfd7 5. d4 c5 6. Ne2 Nc6 7. c3 cxd4 8. cxd4 f6 9. exf6 Nxf6 10. g3 Bb4+ 11. Bd2 Bxd2+ 12. Qxd2 Ne4 13. Qe3 Qb6 14. 0-0-0 0-0 15. Nc3 Nxc3 16. Qxc3 Bd7 17. Kb1 Rac8 18. Qe3 e5 19. Nxe5 Nxe5 20. dxe5 Rxf2 21. Qxb6 axb6 22. Bd3 Bg4 23. Rdf1 Rd2 24. Bf5 Bxf5+ 25. Rxf5 Rcc2 26. e6 Rxb2+ 27. Kc1 Rdc2+ 28. Kd1 Rg2 29. Kc1 Rxa2 30. Kb1 Rgb2+ 31. Kc1 Re2 32. Kb1 Rad2 33. Kc1 g6 34. e7 Ra2 35. Rf8+ Kg7 36. Kb1 Rxe7 0-1

[Event "SE-2019-0-00305"]
[Site "LSS email"]
[Date "2019.11.08"]
[Round "?"]
[White "Kiselevich, Sergey"]
[Black "Turin, Jan"]
[Result "1-0"]
[WhiteElo "1266"]
[BlackElo "1457"]
[PlyCount "59"]
[EventDate "2019.09.19"]
[EventType "tourn (corr)"]
[EventRounds "6"]
[EventCountry "GER"]
[SourceTitle "Corr 2022"]
[Source "ChessBase"]
[SourceDate "2021.10.24"]
[SourceVersion "1"]
[SourceVersionDate "2021.10.24"]
[SourceQuality "1"]

1. e4 c5 2. Nf3 g6 3. d4 cxd4 4. Nxd4 Bg7 5. c4 Nc6 6. Be3 Nf6 7. Nc3 0-0 8. Be2 d6 9. 0-0 Nxd4 10. Bxd4 Bd7 11. Qd2 Bc6 12. f3 Nd7 13. Be3 a5 14. b3 Nc5 15. Rab1 Be5 16. Rfd1 e6 17. Bd4 Qe7 18. Qe3 Bxd4 19. Rxd4 Rad8 20. a3 b6 21. b4 axb4 22. axb4 Nb7 23. Rd2 Qc7 24. Ra1 Rb8 25. Ra6 Nd8 26. Qd3 f5 27. Qxd6 Qb7 28. b5 Be8 29. Na4 fxe4 30. Rxb6 1-0

[Event "SE-2019-0-00305"]
[Site "LSS email"]
[Date "2019.11.08"]
[Round "?"]
[White "Turin, Jan"]
[Black "Couspeyre, Thierry"]
[Result "0-1"]
[WhiteElo "1457"]
[BlackElo "1323"]
[PlyCount "62"]
[EventDate "2019.09.19"]
[EventType "tourn (corr)"]
[EventRounds "6"]
[EventCountry "GER"]
[SourceTitle "Corr 2022"]
[Source "ChessBase"]
[SourceDate "2021.10.24"]
[SourceVersion "1"]
[SourceVersionDate "2021.10.24"]
[SourceQuality "1"]

1. e4 e5 2. Nf3 Nc6 3. Bb5 d6 4. c3 Bd7 5. d4 Be7 6. 0-0 Nf6 7. Re1 0-0 8. d5 Nb8 9. Bf1 c6 10. c4 Na6 11. Nc3 Rc8 12. h3 h6 13. Be3 c5 14. Qd2 Nc7 15. Nh2 Re8 16. f4 exf4 17. Bxf4 Nh5 18. Bxh6 gxh6 19. Qxh6 Ng7 20. Nf3 a6 21. e5 Bf5 22. Ne4 Bg6 23. e6 Nf5 24. exf7+ Bxf7 25. Qf4 Bg6 26. g4 Nh4 27. Nxh4 Bxh4 28. Re3 Rf8 29. Qh6 Bh7 30. Nxd6 Bf2+ 31. Kg2 Bxe3 0-1

[Event "OP-2019-0-04838"]
[Site "LSS email"]
[Date "2019.09.02"]
[Round "?"]
[White "Turin, Jan"]
[Black "Cleto, Dirceu Jr"]
[Result "0-1"]
[WhiteElo "1457"]
[BlackElo "1959"]
[PlyCount "38"]
[EventDate "2019.08.24"]
[EventType "tourn (corr)"]
[EventRounds "4"]
[EventCountry "GER"]
[SourceTitle "Corr 2022"]
[Source "ChessBase"]
[SourceDate "2021.10.24"]
[SourceVersion "1"]
[SourceVersionDate "2021.10.24"]
[SourceQuality "1"]

1. e4 c5 2. Nf3 Nc6 3. d4 cxd4 4. Nxd4 Nf6 5. Nc3 d6 6. Bg5 e6 7. Qd2 Be7 8. 0-0-0 0-0 9. f4 Nxd4 10. Qxd4 Qa5 11. h4 d5 12. e5 Bc5 13. Qd3 Ng4 14. Qg3 f5 15. exf6 Nxf6 16. h5 Bb4 17. Bd3 Bxc3 18. bxc3 Bd7 19. c4 Qa3+ 0-1

[Event "SD-2018-0-00285"]
[Site "LSS email"]
[Date "2018.02.13"]
[Round "?"]
[White "Turin, Jan"]
[Black "Rudenko, Anton"]
[Result "1-0"]
[WhiteElo "1528"]
[BlackElo "1719"]
[PlyCount "61"]
[EventDate "2017.10.21"]
[EventType "tourn (corr)"]
[EventRounds "6"]
[EventCountry "GER"]
[SourceTitle "Corr 2022"]
[Source "ChessBase"]
[SourceDate "2021.10.24"]
[SourceVersion "1"]
[SourceVersionDate "2021.10.24"]
[SourceQuality "1"]

1. d4 Nf6 2. c4 g6 3. Nc3 d5 4. cxd5 Nxd5 5. e4 Nxc3 6. bxc3 Bg7 7. Be3 c5 8. Rc1 0-0 9. Nf3 Bg4 10. Qd2 cxd4 11. cxd4 Nc6 12. d5 Bxf3 13. gxf3 Ne5 14. Be2 Qd7 15. f4 Ng4 16. Bc5 Bh6 17. h3 Nf6 18. Bf3 Qa4 19. Qd3 Bxf4 20. Rc4 Qd7 21. Ke2 Rfc8 22. Rg1 e6 23. d6 b6 24. Ba3 Rxc4 25. Qxc4 Rc8 26. Qd3 Qa4 27. Rd1 Qa5 28. Bb2 Qxa2 29. Rd2 Bxd2 30. Qxd2 Qb3 31. Bxf6 1-0

[Event "SD-2018-0-00285"]
[Site "LSS email"]
[Date "2018.02.12"]
[Round "?"]
[White "Stelmes, Santana"]
[Black "Turin, Jan"]
[Result "1-0"]
[WhiteElo "1500"]
[BlackElo "1528"]
[PlyCount "47"]
[EventDate "2017.10.21"]
[EventType "tourn (corr)"]
[EventRounds "6"]
[EventCountry "GER"]
[SourceTitle "Corr 2022"]
[Source "ChessBase"]
[SourceDate "2021.10.24"]
[SourceVersion "1"]
[SourceVersionDate "2021.10.24"]
[SourceQuality "1"]

1. e4 c5 2. Nf3 d6 3. d4 cxd4 4. Nxd4 Nf6 5. Nc3 g6 6. Be3 Bg7 7. f3 Nc6 8. Qd2 0-0 9. 0-0-0 Be6 10. Nxe6 fxe6 11. Kb1 Qd7 12. g3 Rfc8 13. f4 Qe8 14. Bh3 Qf7 15. Qe2 b5 16. e5 Nd7 17. Ne4 h6 18. exd6 exd6 19. Nxd6 Qf6 20. c3 b4 21. Nxc8 bxc3 22. Rxd7 Rb8 23. Rc1 Nb4 24. Bd4 1-0

[Event "SD-2018-0-00285"]
[Site "LSS email"]
[Date "2018.02.08"]
[Round "?"]
[White "Turin, Jan"]
[Black "Rodriguez, Raul"]
[Result "0-1"]
[WhiteElo "1528"]
[BlackElo "1830"]
[PlyCount "58"]
[EventDate "2017.10.21"]
[EventType "tourn (corr)"]
[EventRounds "6"]
[EventCountry "GER"]
[SourceTitle "Corr 2022"]
[Source "ChessBase"]
[SourceDate "2021.10.24"]
[SourceVersion "1"]
[SourceVersionDate "2021.10.24"]
[SourceQuality "1"]

1. d4 d5 2. c4 e6 3. Nc3 Nf6 4. Bg5 Nbd7 5. e3 c6 6. Nf3 Qa5 7. cxd5 Nxd5 8. Qd2 Bb4 9. Rc1 0-0 10. Bd3 h6 11. Bh4 e5 12. 0-0 exd4 13. exd4 Re8 14. Bb1 Nf8 15. Ne5 Be7 16. Bg3 Be6 17. f4 f6 18. Nc4 Qa6 19. Ne4 Nb6 20. Ncd6 Bxd6 21. Nxd6 Nc4 22. Qb4 Nxd6 23. Qxd6 Bxa2 24. Bf5 Bd5 25. Qb4 Qe2 26. Bh3 Qe3+ 27. Kh1 a5 28. Qc3 Qxc3 29. Rxc3 Re2 0-1

[Event "SD-2018-0-00285"]
[Site "LSS email"]
[Date "2018.02.05"]
[Round "?"]
[White "Edel, Kevin"]
[Black "Turin, Jan"]
[Result "0-1"]
[WhiteElo "1393"]
[BlackElo "1528"]
[PlyCount "24"]
[EventDate "2017.10.21"]
[EventType "tourn (corr)"]
[EventRounds "6"]
[EventCountry "GER"]
[SourceTitle "Corr 2022"]
[Source "ChessBase"]
[SourceDate "2021.10.24"]
[SourceVersion "1"]
[SourceVersionDate "2021.10.24"]
[SourceQuality "1"]

1. d4 Nf6 2. Nf3 g6 3. Bg5 Bg7 4. Nbd2 h6 5. Bh4 c5 6. e3 Nc6 7. c3 cxd4 8. exd4 d5 9. Bd3 Be6 10. 0-0 Nh5 11. Re1 Qd7 12. Nb3 b6 0-1

[Event "SD-2018-0-00285"]
[Site "LSS email"]
[Date "2018.02.02"]
[Round "?"]
[White "Lopez, Hector"]
[Black "Turin, Jan"]
[Result "1/2-1/2"]
[WhiteElo "1443"]
[BlackElo "1528"]
[PlyCount "67"]
[EventDate "2017.10.21"]
[EventType "tourn (corr)"]
[EventRounds "6"]
[EventCountry "GER"]
[SourceTitle "Corr 2022"]
[Source "ChessBase"]
[SourceDate "2021.10.24"]
[SourceVersion "1"]
[SourceVersionDate "2021.10.24"]
[SourceQuality "1"]

1. e4 c5 2. Nf3 d6 3. d4 cxd4 4. Nxd4 Nf6 5. Nc3 g6 6. f3 Bg7 7. Be3 Nc6 8. Bc4 Qb6 9. Nf5 Qxb2 10. Nxg7+ Kf8 11. Nd5 Nxd5 12. Bxd5 Qxg7 13. Rb1 Qf6 14. Qd2 Qh4+ 15. g3 Qh3 16. Bxc6 bxc6 17. Qc3 Kg8 18. Qxc6 Kg7 19. Qxa8 Ba6 20. Qxa7 Qg2 21. Qxa6 Qxh1+ 22. Qf1 Qxh2 23. Bf2 Ra8 24. Ra1 Ra3 25. Ke2 Qh5 26. Qb1 Qxf3+ 27. Ke1 Qxe4+ 28. Kd2 Qf3 29. Qe1 Qc3+ 30. Ke2 Qxc2+ 31. Qd2 Qe4+ 32. Kf1 Qh1+ 33. Ke2 Qf3+ 34. Ke1 1/2-1/2

[Event "SD-2017-0-00280"]
[Site "LSS email"]
[Date "2017.09.29"]
[Round "?"]
[White "Turin, Jan"]
[Black "Sofia, Gerardo"]
[Result "0-1"]
[WhiteElo "1533"]
[BlackElo "1468"]
[PlyCount "116"]
[EventDate "2017.06.27"]
[EventType "tourn (corr)"]
[EventRounds "6"]
[EventCountry "GER"]
[SourceTitle "Corr 2022"]
[Source "ChessBase"]
[SourceDate "2021.10.24"]
[SourceVersion "1"]
[SourceVersionDate "2021.10.24"]
[SourceQuality "1"]

1. e4 c6 2. d4 d5 3. exd5 cxd5 4. Bd3 Nc6 5. c3 g6 6. Bf4 Bg7 7. Nf3 Bg4 8. Nbd2 Nf6 9. h3 Bxf3 10. Nxf3 0-0 11. Qe2 Nh5 12. Bh2 Bh6 13. 0-0 Nf4 14. Qc2 Rc8 15. Bb5 Qb6 16. Bxc6 Qxc6 17. Ne5 Qa6 18. Rfe1 Ne6 19. Qb3 Rfd8 20. Qd1 Bg5 21. Qg4 Bf6 22. h4 h5 23. Qf3 Ng7 24. g4 Qb5 25. Re2 hxg4 26. Nxg4 Nf5 27. Nxf6+ exf6 28. Rae1 Re8 29. Bg3 Rxe2 30. Rxe2 Qa4 31. Re1 Qxa2 32. Qe2 Qa5 33. h5 Kg7 34. hxg6 fxg6 35. Qe6 Qd8 36. Kg2 a5 37. Ra1 Rc6 38. Qe2 Ra6 39. Qb5 Rb6 40. Qe2 Rb3 41. Bf4 b5 42. Rh1 b4 43. Qb5 Rxb2 44. Qb7+ Qe7 45. Bh6+ Kf7 46. Qxd5+ Qe6 47. Qb7+ Ne7 48. Bf4 Qd5+ 49. Qxd5+ Nxd5 50. Bd6 Nxc3 51. Rh7+ Ke6 52. Bc5 b3 53. Rb7 a4 54. Ba3 Ra2 55. Bb4 Nd5 56. Ba5 Rc2 57. Kf3 b2 58. Rb5 a3 0-1

[Event "OP-2017-0-04443"]
[Site "LSS email"]
[Date "2017.09.28"]
[Round "?"]
[White "Trzebiatowski, Krzysztof"]
[Black "Turin, Jan"]
[Result "1-0"]
[WhiteElo "1915"]
[BlackElo "1533"]
[PlyCount "41"]
[EventDate "2017.09.25"]
[EventType "tourn (corr)"]
[EventRounds "4"]
[EventCountry "GER"]
[SourceTitle "Corr 2022"]
[Source "ChessBase"]
[SourceDate "2021.10.24"]
[SourceVersion "1"]
[SourceVersionDate "2021.10.24"]
[SourceQuality "1"]

1. e4 c5 2. b4 cxb4 3. a3 bxa3 4. Nf3 g6 5. d4 Bg7 6. h4 Nc6 7. h5 d6 8. h6 Bf6 9. Be2 Qa5+ 10. Bd2 Qc7 11. c3 a6 12. Nxa3 Rb8 13. 0-0 b5 14. Nc2 e6 15. Bf4 e5 16. Be3 Na5 17. dxe5 dxe5 18. Rxa5 Qxa5 19. Qd6 Qxc3 20. Qxb8 Ne7 21. Qd6 1-0

[Event "SD-2016-0-00260"]
[Site "LSS email"]
[Date "2016.07.22"]
[Round "?"]
[White "Turin, Jan"]
[Black "Stringa, Alejandro"]
[Result "0-1"]
[WhiteElo "1600"]
[BlackElo "1516"]
[PlyCount "46"]
[EventDate "2016.05.08"]
[EventType "tourn (corr)"]
[EventRounds "6"]
[EventCountry "GER"]
[SourceTitle "Corr 2022"]
[Source "ChessBase"]
[SourceDate "2021.10.24"]
[SourceVersion "1"]
[SourceVersionDate "2021.10.24"]
[SourceQuality "1"]

1. e4 c5 2. Nf3 d6 3. d4 cxd4 4. Nxd4 Nf6 5. Nc3 a6 6. Bg5 e6 7. f4 Qb6 8. Qd2 Qxb2 9. Rb1 Qa3 10. Bxf6 gxf6 11. Be2 Nc6 12. Nb3 f5 13. exf5 Bg7 14. Ne4 d5 15. f6 Bf8 16. Ng5 h6 17. Nxf7 Kxf7 18. Bh5+ Kxf6 19. Qc3+ d4 20. Qg3 Bb4+ 21. Kf2 Bd7 22. Qg6+ Ke7 23. Rhd1 Bc3 0-1

[Event "SD-2016-0-00260"]
[Site "LSS email"]
[Date "2016.07.18"]
[Round "?"]
[White "Turin, Jan"]
[Black "Grimm, Wolfgang"]
[Result "0-1"]
[WhiteElo "1600"]
[BlackElo "1422"]
[PlyCount "38"]
[EventDate "2016.05.08"]
[EventType "tourn (corr)"]
[EventRounds "6"]
[EventCountry "GER"]
[SourceTitle "Corr 2022"]
[Source "ChessBase"]
[SourceDate "2021.10.24"]
[SourceVersion "1"]
[SourceVersionDate "2021.10.24"]
[SourceQuality "1"]

1. e4 Nc6 2. Nf3 e5 3. Bb5 a6 4. Ba4 Bc5 5. c3 Nf6 6. d4 exd4 7. e5 Ng4 8. Bxc6 dxc6 9. cxd4 Be7 10. h3 Nh6 11. Bxh6 gxh6 12. Nc3 Be6 13. 0-0 Qd7 14. Kh2 Rg8 15. Qd2 0-0-0 16. Rfd1 h5 17. Qh6 Rg6 18. Qxh5 Rdg8 19. g4 Bf8 0-1

[Event "OP-2016-0-04014"]
[Site "LSS email"]
[Date "2016.04.11"]
[Round "?"]
[White "Nowak, Ireneusz"]
[Black "Turin, Jan"]
[Result "1-0"]
[WhiteElo "2082"]
[BlackElo "1600"]
[PlyCount "53"]
[EventDate "2016.04.05"]
[EventType "tourn (corr)"]
[EventRounds "4"]
[EventCountry "GER"]
[SourceTitle "Corr 2022"]
[Source "ChessBase"]
[SourceDate "2021.10.24"]
[SourceVersion "1"]
[SourceVersionDate "2021.10.24"]
[SourceQuality "1"]

1. e4 c5 2. Nf3 d6 3. d4 cxd4 4. Nxd4 Nf6 5. Nc3 g6 6. Be3 Bg7 7. f3 Nc6 8. Qd2 0-0 9. 0-0-0 Be6 10. Kb1 Qd7 11. Be2 Rfc8 12. g4 Ne5 13. Nxe6 fxe6 14. h4 Qe8 15. h5 Nc4 16. Bxc4 Rxc4 17. hxg6 hxg6 18. Bh6 Qf8 19. Bxg7 Qxg7 20. Rh6 Kf7 21. Rdh1 Rg8 22. e5 dxe5 23. Ne4 Nxe4 24. fxe4 Ke8 25. Rh7 Qf6 26. Qd3 Rc5 27. Rd1 1-0

[Event "OP-2016-0-03980"]
[Site "LSS email"]
[Date "2016.03.08"]
[Round "?"]
[White "Huseby, Juan Carlos"]
[Black "Turin, Jan"]
[Result "0-1"]
[WhiteElo "334"]
[BlackElo "1600"]
[PlyCount "40"]
[EventDate "2016.03.01"]
[EventType "tourn (corr)"]
[EventRounds "4"]
[EventCountry "GER"]
[SourceTitle "Corr 2022"]
[Source "ChessBase"]
[SourceDate "2021.10.24"]
[SourceVersion "1"]
[SourceVersionDate "2021.10.24"]
[SourceQuality "1"]

1. f4 e5 2. d4 exd4 3. Qxd4 Nc6 4. Qe3+ Be7 5. Nc3 d5 6. Nf3 Nf6 7. Ne5 d4 8. Qg3 dxc3 9. Qxc3 Bb4 10. Bd2 Bxc3 11. Bxc3 Nxe5 12. Bxe5 0-0 13. Rd1 Qe7 14. g3 Ng4 15. Rd5 Be6 16. Rb5 c6 17. Bxg7 cxb5 18. Bxf8 Kxf8 19. e4 Rd8 20. Bxb5 Qc5 0-1